| 000 | 00363nam a2200109Ia 4500 | ||
|---|---|---|---|
| 008 | 171204s9999 xx 000 0 und d | ||
| 245 | _aEnergy, Transportation and Global Warming: Panagiotis Grammelis | ||
| 245 | _cPanagiotis Grammelis | ||
| 260 | _c2016 | ||
| 650 | _xTransportation Operation Management | ||
| 856 | _uhttp://down.ebook777.com/036/9783319301266.pdf | ||
| 999 |
_c346727 _d346727 |
||